World cup 2002 teams - Statistics

General Stats
  • This quiz has been taken 2,898 times
  • The average score is 26 of 32
Answer Stats
Hint Answer % Correct
GROUP C Brazil
98%
GROUP F Argentina
96%
GROUP H Japan
96%
GROUP D South Korea
96%
GROUP A France
95%
GROUP E Germany
95%
GROUP G Italy
94%
GROUP B Spain
94%
GROUP D United States
93%
GROUP F England
92%
GROUP D Portugal
92%
GROUP G Mexico
90%
GROUP F Sweden
87%
GROUP A Uruguay
87%
GROUP H Russia
84%
GROUP A Denmark
81%
GROUP C Turkey
81%
GROUP H Belgium
80%
GROUP F Nigeria
79%
GROUP A Senegal
79%
GROUP D Poland
77%
GROUP C China
76%
GROUP E Cameroon
75%
GROUP G Croatia
73%
GROUP B Paraguay
73%
GROUP E Saudi Arabia
72%
GROUP E Ireland
70%
GROUP C Costa Rica
69%
GROUP G Ecuador
64%
GROUP B South Africa
64%
GROUP H Tunisia
58%
GROUP B Slovenia
49%
No matching quizzes found
Score Distribution
Percent of People with Each Score
Percentile by Number Answered
Your Score History
You have not taken this quiz